Classic Cars - Statistics

General Stats
  • This quiz has been taken 126 times
  • The average score is 7 of 12
Answer Stats
Picture Answer % Correct
Ford Mustang
89%
Dodge Charger
67%
Chevrolet Corvette
65%
Ford Bronco
65%
Chevrolet Chevelle
64%
Lamborghini Countach
63%
Pontiac Trans-Am
63%
Chevrolet Camaro
61%
Ford GT40
61%
Ford F-150
57%
Chevrolet Silverado
37%
DMC Deloreon
8%
No matching quizzes found
Score Distribution
Percent of People with Each Score
Percentile by Number Answered
Your Score History
You have not taken this quiz